[Event "Novosibirsk Region-ch final"]
[Site "Novosibirsk"]
[Date "2008.12.05"]
[Round "1"]
[White "Konev, Yury"]
[Black "Ragozin, Andrei"]
[Result "1-0"]
[WhiteElo "2190"]
[BlackElo "2046"]
[PlyCount "87"]
[EventDate "2008.12.05"]
[EventType "swiss"]
[EventRounds "9"]
[EventCountry "RUS"]
[SourceTitle "EXT 2010"]
[Source "ChessBase"]
[SourceDate "2010.11.25"]
[SourceVersion "1"]
[SourceVersionDate "2010.11.25"]
[SourceQuality "1"]

1. c4 c5 2. Nf3 Nf6 3. Nc3 Nc6 4. d4 cxd4 5. Nxd4 g6 6. e4 d6 7. Be2 Bg7 8. Nc2 0-0 9. 0-0 b6 10. Be3 Bb7 11. f3 Rc8 12. Qd2 Re8 13. a4 Na5 14. Rad1 Nd7 15. Na3 Ne5 16. c5 bxc5 17. f4 Nec6 18. Bg4 Rb8 19. f5 Ne5 20. fxg6 hxg6 21. Qf2 Rf8 22. Be2 Qc8 23. Qh4 Re8 24. Bg5 Bf8 25. Rf2 Ba8 26. Bb5 Nac6 27. Nd5 Qg4 28. Rdf1 Qxh4 29. Bxh4 Red8 30. Bxc6 Nxc6 31. Rxf7 Ne5 32. Nxe7+ Bxe7 33. Rxe7 Rf8 34. Bf6 Rf7 35. Rxf7 Nxf7 36. Re1 Bc6 37. Bc3 Bxa4 38. Nc4 Re8 39. Ra1 Bc6 40. Rxa7 Bxe4 41. Rxf7 Kxf7 42. Nxd6+ Ke7 43. Nxe4 Rc8 44. Nxc5 1-0

[Event "Novosibirsk Region op"]
[Site "Novosibirsk"]
[Date "2007.12.08"]
[Round "4"]
[White "Krasnov, Yury A"]
[Black "Konev, Yury"]
[Result "0-1"]
[WhiteElo "2179"]
[BlackElo "2160"]
[PlyCount "102"]
[EventDate "2007.12.05"]
[EventType "swiss"]
[EventRounds "9"]
[EventCountry "RUS"]
[SourceTitle "CBM 122 Extra"]
[Source "ChessBase"]
[SourceDate "2008.03.04"]
[SourceVersion "1"]
[SourceVersionDate "2008.03.04"]
[SourceQuality "1"]

1. Nf3 Nf6 2. c4 c5 3. Nc3 e6 4. g3 b6 5. Bg2 Bb7 6. 0-0 Be7 7. Re1 d6 8. e4 e5 9. d3 Nc6 10. Ng5 h6 11. Nh3 a6 12. a4 0-0 13. f4 Bc8 14. f5 Rb8 15. Be3 Bd7 16. Nf2 Nd4 17. b3 Bc6 18. h4 Kh8 19. Bf3 Nd7 20. Kg2 b5 21. axb5 axb5 22. Nd5 Bxd5 23. cxd5 Ra8 24. Bxd4 cxd4 25. b4 Nb6 26. Qd2 Qd7 27. Rxa8 Rxa8 28. Rc1 Na4 29. Nd1 Rc8 30. Rc2 Bd8 31. Qc1 Rxc2+ 32. Qxc2 Qc7 33. Qd2 Kh7 34. Kf2 Qc8 35. Bg4 Bb6 36. Kf3 Qc7 37. Kg2 Ba7 38. Kf1 Nc3 39. Kf2 Bb6 40. Kf1 Qc8 41. Kf2 Qa6 42. Bh5 Qa4 43. Ke1 Qxb4 44. Bxf7 Ba5 45. Nxc3 dxc3 46. Qc2 Qb2 47. Kd1 Qa1+ 48. Qc1 Qa4+ 49. Qc2 Qd4 50. Qb1 c2+ 51. Qxc2 Qg1+ 0-1

[Event "Novosibirsk Region op"]
[Site "Novosibirsk"]
[Date "2007.12.05"]
[Round "1"]
[White "Konev, Yury"]
[Black "Verzhansky, Alexander"]
[Result "1/2-1/2"]
[WhiteElo "2160"]
[BlackElo "2357"]
[PlyCount "102"]
[EventDate "2007.12.05"]
[EventType "swiss"]
[EventRounds "9"]
[EventCountry "RUS"]
[SourceTitle "CBM 122 Extra"]
[Source "ChessBase"]
[SourceDate "2008.03.04"]
[SourceVersion "1"]
[SourceVersionDate "2008.03.04"]
[SourceQuality "1"]

1. c4 Nf6 2. Nc3 c6 3. Nf3 d5 4. d4 dxc4 5. a4 Bf5 6. e3 e6 7. Bxc4 Bb4 8. 0-0 Nbd7 9. Bd3 Bg6 10. Qc2 Qe7 11. e4 e5 12. Bg5 0-0 13. Rfe1 Rfe8 14. Rad1 Bh5 15. d5 Bxf3 16. gxf3 h6 17. Be3 Nh5 18. dxc6 bxc6 19. Kh1 Nf8 20. Rg1 Ng6 21. Ne2 Qf6 22. f4 Ngxf4 23. Bxf4 exf4 24. f3 Rab8 25. b3 a5 26. Bc4 Rbd8 27. Rxd8 Rxd8 28. e5 Qxe5 29. Qg6 Rd7 30. Qxc6 Rc7 31. Qa8+ Kh7 32. Bd3+ g6 33. Qa6 Nf6 34. Qb6 Rd7 35. Bc4 Bc5 36. Qxa5 Qe3 37. Qa8 Ng4 38. Rxg4 Rd1+ 39. Kg2 h5 40. Rxf4 Qf2+ 41. Kh3 Qf1+ 42. Kh4 Be7+ 43. Kg3 h4+ 44. Rxh4+ Bxh4+ 45. Kxh4 Qf2+ 46. Kg4 f5+ 47. Kf4 Qxh2+ 48. Ke3 Qh6+ 49. Kf2 Qh2+ 50. Ke3 Qe5+ 51. Kf2 Qh2+ 1/2-1/2